Historia de la literatura hispanoamericana
Αποθηκεύτηκε σε:
| Κύριος συγγραφέας: | |
|---|---|
| Μορφή: | Βιβλίο |
| Γλώσσα: | Undetermined |
| Έκδοση: |
Buenos Aires, Argentina
FVD
1951
|
| Έκδοση: | 5 |
| Θέματα: | |
| Ετικέτες: |
Προσθήκη ετικέτας
Δεν υπάρχουν, Καταχωρήστε ετικέτα πρώτοι!
|
MARC
| LEADER | 00000nam a2200000Ia 4500 | ||
|---|---|---|---|
| 008 | 170316s9999 xx 000 0 und d | ||
| 040 | |a cru BVZT | ||
| 090 | |a H-860 V-1h | ||
| 100 | |a Valdaspe, Tistan | ||
| 245 | |a Historia de la literatura hispanoamericana | ||
| 250 | |a 5 | ||
| 260 | |a Buenos Aires, Argentina | ||
| 260 | |b FVD | ||
| 260 | |c 1951 | ||
| 300 | |a 392 páginas | ||
| 650 | |a LITERATURA LATINOAMERICANA | ||
| 650 | |a HISTORIA | ||
| 999 | |c 13653 |d 13653 | ||
| 942 | |c 15 D |h H-860 V-1h |2 z | ||
